|
|
|
|
| LEADER |
00000cam a22000004a 4500 |
| 001 |
musev2_97500 |
| 003 |
MdBmJHUP |
| 005 |
20230905053238.0 |
| 006 |
m o d |
| 007 |
cr||||||||nn|n |
| 008 |
210907s2022 nyu o 00 0 eng d |
| 010 |
|
|
|z 2021042211
|
| 020 |
|
|
|a 9781501759581
|
| 020 |
|
|
|z 9781501761966
|
| 020 |
|
|
|z 9781501759574
|
| 020 |
|
|
|z 9781501759598
|
| 035 |
|
|
|a (OCoLC)1268123369
|
| 040 |
|
|
|a MdBmJHUP
|c MdBmJHUP
|
| 100 |
1 |
|
|a Capper, Daniel,
|d 1962-
|e author.
|
| 245 |
1 |
0 |
|a Roaming Free Like a Deer :
|b Buddhism and the Natural World /
|c Daniel Capper.
|
| 264 |
|
1 |
|a Ithaca [New York] :
|b Cornell University Press,
|c 2022.
|
| 264 |
|
3 |
|a Baltimore, Md. :
|b Project MUSE,
|c 2022
|
| 264 |
|
4 |
|c ©2022.
|
| 300 |
|
|
|a 1 online resource (300 pages):
|b illustrations (black and white) ;
|
| 336 |
|
|
|a text
|b txt
|2 rdacontent
|
| 337 |
|
|
|a computer
|b c
|2 rdamedia
|
| 338 |
|
|
|a online resource
|b cr
|2 rdacarrier
|
| 505 |
0 |
|
|a Some methods in Buddhist environmental ethics -- The Buddha's nature -- The clever bee of Sri Lanka -- Beautiful Thai buffaloes -- Eating the enlightened plants of China -- Japanese water Buddhas -- Releasing animals in Tibet -- Natural persons in the west.
|
| 520 |
|
|
|a "Through a comprehensive, critical examination of the theories, practices, and real-world results of Buddhist environmental ethics, this book responds to climate change by synthetically exploring lived ecological interactions across seven worlds, from ancient India to the contemporary United States"--
|c Provided by publisher.
|
| 588 |
|
|
|a Description based on print version record.
|
| 650 |
|
7 |
|a Environmental ethics.
|2 fast
|0 (OCoLC)fst00912979
|
| 650 |
|
7 |
|a Ecology
|x Religious aspects
|x Buddhism.
|2 fast
|0 (OCoLC)fst00901521
|
| 650 |
|
7 |
|a Buddhist ethics.
|2 fast
|0 (OCoLC)fst00840160
|
| 650 |
|
0 |
|a Buddhist ethics.
|
| 650 |
|
0 |
|a Environmental ethics.
|
| 650 |
|
0 |
|a Ecology
|x Religious aspects
|x Buddhism.
|
| 655 |
|
7 |
|a Electronic books.
|2 local
|
| 710 |
2 |
|
|a Project Muse.
|e distributor
|
| 830 |
|
0 |
|a Book collections on Project MUSE.
|
| 856 |
4 |
0 |
|z Texto completo
|u https://projectmuse.uam.elogim.com/book/97500/
|
| 945 |
|
|
|a Project MUSE - Custom Collection
|
| 945 |
|
|
|a Project MUSE - 2022 Philosophy and Religion
|
| 945 |
|
|
|a Project MUSE - 2022 Asian and Pacific Studies
|
| 945 |
|
|
|a Project MUSE - 2022 Complete
|